00643nam a2200181 a 4500008004100000050001600041100002200057245002400079246003100103250001200134260004000146300002100186350000900207700002000216995008400236999001700320952012400337120416s1973 ||||||||||||||||| || u aHF 5635 Bed aBedford, Norton M10aAdvanced accounting aan organizational approach a3rd ed. aNew YorkbJohn Wiley and Sonsc1973 axix, 948p. : ill a0.00 aWyatt, Arthur R D0.00FCBU-MAIN LIBRARY (Kitwe)H1I0.00UAVAILABLEZAnnex Low-Usage Collection  c33519d33519 00102lcc4070a001b001cAnnex Low-Usage Collection d2022-11-30l0oHF 5635 Bedp006237r2022-11-30w2022-11-30y002